Statystyki dla Kraje na dwóch kontynentach (nie licząc terytorii zależnych)

Kliknij tutaj aby rozwiązać quiz!

Ogólne statystyki

  • Ten quiz został rozwiązany 424 razy
    (341 od ostatniego zresetowania)
  • Średni wynik to 7 z 9

Statystyki odpowiedzi

Kontynent 1.Kontynent 2.Odpowiedź% Poprawnych
EuropaAzjaRosja
100%
AzjaEuropaTurcja
97%
AfrykaAzjaEgipt
87%
EuropaAfrykaHiszpania
87%
AzjaEuropaKazachstan
80%
AzjaOceaniaIndonezja
78%
Ameryka PłnAmeryka PłdPanama
78%
Ameryka PłnOceaniaStany Zjednoczone
72%
EuropaAfrykaPortugalia
66%

Rozkład punktacji

Percentyl według liczby udzielonych odpowiedzi

Procent ludzi z każdym wynikiem

Twoja historia wyników

Nie rozwiązałeś tego quizu od ostatniego zresetowania